000 01210nam0a22002531 4500
001 rc\851197
005 20041129092642.0
035 _a(NLR Aleph) 006031805
090 _a7536204
_c7536204
100 _a20041129d1984 u |0rusy50 ca
101 0 _arus
102 _aRU
105 _aa |||||||||
200 1 _aПартийное подполье в Белоруссии, 1941-1944
_eМинск. обл. и Минск. Страницы воспоминаний
_e[Сборник
_fИн-т истории АН БССР, Ин-т истории партии при ЦК КП Белоруссии - фил. Ин-та марксизма-ленинизма при ЦК КПСС
_gСост. С.И. Портасенок и др.
_g[Редкол.: В.Е. Лобанок (гл. ред.) и др.]
210 _aМинск
_cБеларусь
_d1984
215 _a367 с.
_cпортр.
_d20
320 _aИмен. указ.: с. 354-366
702 1 _aПортасенок
_bС. И.
_gСтанислав Иосифович
_4220
712 0 2 _aИнститут истории
_cМинск
_3RU\NLR\AUTH\8810028030
801 0 _aRU
_bNLR
_gpsbo
801 1 _aRU
_bELAR
_2rusmarc
852 _aNLR
_j85-3/2640
942 _cBOOK
980 _aNB